[Event "Williamson Sheild 2026"]
[Site "Maynard Sinclaire Pavilion, Stormont, Belfast, United Kingdom"]
[Date "2026.01.25"]
[Round "4.5"]
[White "Edens, Jack"]
[Black "Cambell, Peter"]
[Result "1-0"]
[TimeControl "60' + 30\""]
[WhiteFideId "2521822"]
[BlackFideId "2518406"]
[WhiteElo "1825"]
[BlackElo "1727"]

1. d4 {[%clk 01:00:53]} Nf6 {[%clk 01:00:32]} {[%emt 00:00:05]} 2. Bf4 {[%clk
01:01:06]} {[%emt 00:00:08]} e6 {[%clk 01:00:47]} {[%emt 00:00:21]} 3. e3
{[%clk 01:01:27]} {[%emt 00:00:06]} c5 {[%clk 01:01:04]} {[%emt 00:00:11]} 4.
c3 {[%clk 01:01:46]} {[%emt 00:00:13]} d5 {[%clk 01:00:29]} {[%emt 00:01:15]} 5.
Nf3 {[%clk 01:01:30]} {[%emt 00:00:33]} Nc6 {[%clk 01:00:20]} {[%emt 00:00:41]}
6. Nbd2 {[%clk 01:01:13]} {[%emt 00:00:53]} c4 {[%clk 00:58:21]} {[%emt
00:02:22]} 7. Be2 {[%clk 01:01:04]} {[%emt 00:00:41]} Bd6 {[%clk 00:56:56]}
{[%emt 00:01:57]} 8. Bg3 {[%clk 01:00:36]} {[%emt 00:00:58]} Qc7 {[%clk
00:52:59]} {[%emt 00:04:23]} 9. Qc2 {[%clk 00:58:16]} {[%emt 00:02:52]} e5
{[%clk 00:45:18]} {[%emt 00:08:10]} 10. dxe5 {[%clk 00:56:38]} {[%emt
00:02:06]} Nxe5 {[%clk 00:45:10]} {[%emt 00:00:41]} 11. O-O {[%clk 00:55:13]}
{[%emt 00:01:54]} O-O {[%clk 00:43:11]} {[%emt 00:02:27]} 12. Rfd1 {[%clk
00:54:36]} {[%emt 00:01:07]} Be6 {[%clk 00:41:25]} {[%emt 00:02:16]} 13. Nd4
{[%clk 00:51:09]} {[%emt 00:04:06]} Qd7 {[%clk 00:37:42]} {[%emt 00:04:07]} 14.
N2f3 {[%clk 00:47:28]} {[%emt 00:04:09]} Nxf3+ {[%clk 00:37:30]} {[%emt
00:00:45]} 15. Bxf3 {[%clk 00:47:31]} {[%emt 00:00:22]} Bxg3 {[%clk 00:37:44]}
{[%emt 00:00:46]} 16. hxg3 {[%clk 00:47:18]} {[%emt 00:00:36]} Bg4 {[%clk
00:34:19]} {[%emt 00:03:34]} 17. Bxg4 {[%clk 00:46:47]} {[%emt 00:01:25]} Qxg4
{[%clk 00:34:34]} {[%emt 00:00:18]} 18. Qe2 {[%clk 00:46:29]} {[%emt 00:00:19]}
Qg6 {[%clk 00:33:00]} {[%emt 00:02:05]} 19. Nf3 {[%clk 00:44:08]} {[%emt
00:03:34]} Rfd8 {[%clk 00:32:43]} {[%emt 00:00:10]} 20. Rd4 {[%clk 00:44:03]}
{[%emt 00:00:30]} h6 {[%clk 00:29:01]} {[%emt 00:04:14]} 21. Rad1 {[%clk
00:43:17]} {[%emt 00:01:15]} Rd6 {[%clk 00:28:57]} {[%emt 00:00:31]} 22. Rxc4
{[%clk 00:41:32]} {[%emt 00:02:46]} b5 {[%clk 00:25:48]} {[%emt 00:03:09]} 23.
Rcd4 {[%clk 00:41:21]} {[%emt 00:00:43]} a6 {[%clk 00:26:05]} {[%emt 00:00:11]}
24. Qd3 {[%clk 00:40:41]} {[%emt 00:01:31]} Qxd3 {[%clk 00:23:08]} {[%emt
00:03:05]} 25. R1xd3 {[%clk 00:40:01]} {[%emt 00:01:10]} Rad8 {[%clk 00:23:16]}
{[%emt 00:00:47]} 26. Nd2 {[%clk 00:39:42]} {[%emt 00:00:25]} Ne8 {[%clk
08:07:17]} {[%emt 00:06:28]} 27. Nb3 {[%clk 00:33:36]} {[%emt 00:06:36]} Nf6
{[%clk 00:14:32]} {[%emt 00:03:17]} 28. f3 {[%clk 00:30:22]} {[%emt 00:03:42]}
Kf8 {[%clk 00:14:48]} {[%emt 00:00:35]} 29. e4 {[%clk 00:29:57]} {[%emt
00:00:35]} Re6 {[%clk 00:13:41]} {[%emt 00:01:37]} 30. Nc5 {[%clk 00:28:19]}
{[%emt 00:02:08]} Rc6 {[%clk 00:12:50]} {[%emt 00:01:23]} 31. b4 {[%clk
00:28:15]} {[%emt 00:00:31]} a5 {[%clk 00:12:26]} {[%emt 00:00:54]} 32. exd5
{[%clk 00:28:18]} {[%emt 00:00:34]} Rc7 {[%clk 00:11:29]} {[%emt 00:01:21]} 33.
d6 {[%clk 00:27:28]} {[%emt 00:01:21]} Ra7 {[%clk 00:11:15]} {[%emt 00:00:46]}
34. a3 {[%clk 00:26:15]} {[%emt 00:01:47]} axb4 {[%clk 00:11:28]} {[%emt
00:00:40]} 35. cxb4 {[%clk 00:26:11]} {[%emt 00:00:08]} Nd7 {[%clk 00:10:57]}
{[%emt 00:00:57]} 36. Nxd7+ {[%clk 00:25:57]} {[%emt 00:00:43]} Rdxd7 {[%clk
00:09:11]} {[%emt 00:02:20]} 37. Rd5 {[%clk 00:24:22]} {[%emt 00:02:17]} Rab7
{[%clk 00:09:02]} {[%emt 00:00:24]} 38. Rc5 {[%emt 00:00:46]} f6 {[%clk
00:09:05]} {[%emt 00:00:16]} 39. Rdd5 {[%clk 00:23:58]} {[%emt 00:00:49]} Ra7
{[%clk 00:08:28]} {[%emt 00:01:10]} 40. Rd3 {[%clk 00:23:37]} {[%emt 00:00:49]}
Rab7 {[%clk 00:08:49]} {[%emt 00:00:53]} 41. Kf2 {[%clk 00:24:01]} Kf7 {[%clk
00:08:57]} 42. f4 {[%clk 00:22:58]} {[%emt 00:01:15]} Ke6 {[%clk 00:08:15]}
{[%emt 00:01:15]} 43. f5+ {[%clk 00:23:12]} {[%emt 00:00:15]} Kf7 {[%clk
00:08:30]} {[%emt 00:00:19]} 44. Rc6 {[%clk 00:23:15]} {[%emt 00:00:25]} Ra7
{[%clk 00:08:10]} {[%emt 00:00:47]} 45. Rb6 {[%clk 00:23:16]} {[%emt 00:00:31]}
Rab7 {[%clk 00:08:03]} {[%emt 00:00:35]} 46. Rxb7 {[%clk 00:21:24]} {[%emt
00:02:28]} g6 {[%emt 00:01:55]} 1-0

[ePGN "0.1;DGT LiveChess/2.2.7"]

[Event "Williamson Sheild 2026"]
[Site "Maynard Sinclaire Pavilion, Stormont, Belfast, United Kingdom"]
[Date "2026.01.25"]
[Round "4.6"]
[White "Wong, James"]
[Black "Anayraj, Tripathy"]
[Result "1-0"]
[TimeControl "60' + 30\""]
[WhiteFideId "2514524"]
[BlackFideId "2523523"]
[WhiteElo "1716"]
[BlackElo "1821"]

1. e4 {[%clk 00:47:39]} {[%emt 00:13:22]} c5 {[%clk 01:00:57]} {[%emt
00:00:41]} 2. Nf3 {[%clk 00:48:00]} d6 {[%clk 01:01:24]} 3. d4 {[%clk
00:48:23]} cxd4 {[%clk 01:01:50]} 4. Nxd4 {[%clk 00:48:43]} {[%emt 00:00:04]}
Nf6 {[%clk 01:02:18]} 5. Nc3 {[%clk 00:48:47]} {[%emt 00:00:19]} a6 {[%clk
01:02:46]} {[%emt 00:00:56]} 6. Bd3 {[%clk 00:49:05]} Nbd7 {[%clk 01:03:05]} 7.
O-O {[%clk 00:49:06]} {[%emt 00:00:04]} Qc7 {[%clk 01:02:00]} {[%emt 00:01:30]}
8. Bd2 {[%clk 00:48:25]} {[%emt 00:01:11]} e5 {[%clk 01:02:04]} {[%emt
00:00:42]} 9. Nf5 {[%clk 00:48:19]} {[%emt 00:00:26]} Nc5 {[%clk 01:02:19]}
{[%emt 00:00:13]} 10. Ne3 {[%clk 00:48:05]} {[%emt 00:00:39]} Be6 {[%clk
01:02:28]} {[%emt 00:00:25]} 11. Kh1 {[%clk 00:47:03]} {[%emt 00:01:28]} b5
{[%clk 01:02:05]} {[%emt 00:00:53]} 12. a3 {[%clk 00:46:44]} {[%emt 00:01:21]}
Rd8 {[%clk 00:59:52]} {[%emt 00:02:11]} 13. Qe1 {[%clk 00:44:06]} {[%emt
00:03:08]} d5 {[%clk 00:57:45]} {[%emt 00:02:59]} 14. exd5 {[%clk 00:42:19]}
{[%emt 00:01:55]} Nxd5 {[%clk 00:58:03]} {[%emt 00:00:47]} 15. Ncxd5 {[%clk
00:40:40]} {[%emt 00:01:33]} Bxd5 {[%clk 00:58:25]} {[%emt 00:00:23]} 16. Ba5
{[%clk 00:40:40]} {[%emt 00:00:16]} Qd6 {[%clk 00:53:32]} {[%emt 00:05:24]} 17.
Bxd8 {[%clk 00:40:33]} {[%emt 00:00:57]} Qxd8 {[%clk 00:53:43]} {[%emt
00:00:24]} 18. Rd1 {[%clk 00:40:35]} {[%emt 00:00:06]} Bc6 {[%clk 00:51:49]}
{[%emt 00:02:21]} 19. Bxb5 {[%clk 00:38:18]} {[%emt 00:02:46]} Qc7 {[%clk
00:52:00]} {[%emt 00:00:42]} 20. Nd5 {[%clk 00:37:34]} {[%emt 00:00:51]} Qb7
{[%clk 00:51:27]} {[%emt 00:01:04]} 21. Qxe5+ {[%clk 00:35:50]} {[%emt
00:02:14]} Ne6 {[%clk 00:51:49]} {[%emt 00:00:14]} 22. Bxc6+ {[%clk 00:34:02]}
{[%emt 00:02:42]} Qxc6 {[%clk 00:52:16]} 23. Qb8+ {[%clk 00:34:13]} Kd7 {[%clk
00:52:44]} 24. Nb4+ {[%clk 00:33:55]} {[%emt 00:00:43]} Bd6 {[%clk 00:53:09]}
{[%emt 00:00:05]} 25. Nxc6 {[%clk 00:34:01]} {[%emt 00:00:30]} Rxb8 {[%clk
00:53:27]} {[%emt 00:00:06]} 26. Nxb8+ {[%clk 00:34:23]} {[%emt 00:00:08]} 1-0

[ePGN "0.1;DGT LiveChess/2.2.7"]

[Event "Williamson Sheild 2026"]
[Site "Maynard Sinclaire Pavilion, Stormont, Belfast, United Kingdom"]
[Date "2026.01.25"]
[Round "5.1"]
[White "Tahmanker, Mandar"]
[Black "Landmark, Gabriel"]
[Result "1/2-1/2"]
[TimeControl "60' + 30\""]
[WhiteFideId "5019400"]
[BlackFideId "2524848"]
[WhiteElo "2081"]
[BlackElo "1953"]

1. d4 {[%clk 01:00:08]} {[%emt 00:00:51]} Nf6 {[%clk 01:00:55]} {[%emt
00:00:35]} 2. Nf3 {[%clk 01:00:35]} {[%emt 00:00:05]} d5 {[%clk 01:01:15]} 3.
c4 {[%clk 01:00:48]} {[%emt 00:00:13]} e6 {[%clk 01:01:40]} 4. g3 {[%clk
01:01:02]} {[%emt 00:00:09]} Bb4+ {[%clk 01:02:05]} {[%emt 00:00:04]} 5. Bd2
{[%clk 01:01:19]} {[%emt 00:00:08]} Be7 {[%clk 01:02:30]} {[%emt 00:00:30]} 6.
Bg2 {[%clk 01:01:38]} {[%emt 00:00:10]} O-O {[%clk 01:02:53]} 7. O-O {[%clk
00:58:48]} {[%emt 00:03:03]} Nbd7 {[%clk 01:03:01]} {[%emt 00:00:51]} 8. b3
{[%clk 00:57:16]} {[%emt 00:01:33]} Ne4 {[%clk 01:01:34]} {[%emt 00:02:22]} 9.
Bc1 {[%clk 00:55:19]} {[%emt 00:02:23]} c6 {[%clk 01:01:22]} {[%emt 00:00:22]}
10. Bb2 {[%clk 00:55:28]} {[%emt 00:00:30]} b6 {[%clk 01:00:20]} {[%emt
00:01:33]} 11. Nbd2 {[%clk 00:55:20]} {[%emt 00:00:27]} Nxd2 {[%clk 00:59:33]}
{[%emt 00:01:46]} 12. Nxd2 {[%clk 00:55:28]} {[%emt 00:00:04]} Bb7 {[%clk
00:59:28]} {[%emt 00:00:25]} 13. e4 {[%clk 00:54:51]} {[%emt 00:01:32]} Rc8
{[%clk 00:59:11]} {[%emt 00:00:24]} 14. Re1 {[%clk 00:54:35]} {[%emt 00:00:44]}
Re8 {[%clk 00:57:42]} {[%emt 00:02:04]} 15. a3 {[%clk 00:51:37]} {[%emt
00:03:22]} a5 {[%clk 00:56:03]} {[%emt 00:02:10]} 16. Rc1 {[%clk 00:51:27]}
{[%emt 00:00:50]} Nf8 {[%clk 00:54:38]} {[%emt 00:02:17]} 17. h4 {[%clk
00:48:07]} {[%emt 00:03:17]} Qd7 {[%clk 00:52:42]} {[%emt 00:02:25]} 18. Kh2
{[%clk 00:45:12]} {[%emt 00:03:26]} Red8 {[%clk 00:49:16]} {[%emt 00:03:55]} 19.
Nf3 {[%clk 00:39:46]} {[%emt 00:05:57]} Bf6 {[%clk 00:46:40]} {[%emt 00:03:08]}
20. c5 {[%clk 00:26:49]} {[%emt 00:13:23]} Qc7 {[%clk 00:45:25]} {[%emt
00:01:57]} 21. Qc2 {[%clk 00:21:20]} {[%emt 00:05:48]} bxc5 {[%clk 00:41:16]}
{[%emt 00:04:38]} 22. Qxc5 {[%emt 00:03:02]} Nd7 23. Qc2 c5 1/2-1/2

[ePGN "0.1;DGT LiveChess/2.2.7"]

[Event "Williamson Sheild 2026"]
[Site "Maynard Sinclaire Pavilion, Stormont, Belfast, United Kingdom"]
[Date "2026.01.25"]
[Round "5.2"]
[White "Coler, Ethan"]
[Black "Scannel, Steve"]
[Result "1/2-1/2"]
[TimeControl "60' + 30\""]
[WhiteFideId "2514818"]
[BlackFideId "2501104"]
[WhiteElo "2018"]
[BlackElo "2042"]

1. Nf3 {[%clk 01:00:59]} d6 {[%clk 01:00:32]} {[%emt 00:00:40]} 2. g3 {[%clk
01:01:21]} {[%emt 00:00:05]} e5 {[%clk 01:00:44]} {[%emt 00:00:35]} 3. d3
{[%clk 01:01:41]} {[%emt 00:00:09]} Nf6 {[%clk 01:01:06]} 4. Bg2 {[%clk
01:02:08]} Be7 {[%clk 01:01:30]} 5. e4 {[%clk 01:02:26]} {[%emt 00:00:10]} O-O
{[%clk 01:01:48]} {[%emt 00:00:10]} 6. O-O {[%clk 01:02:54]} {[%emt 00:00:05]}
Nbd7 {[%clk 01:02:00]} {[%emt 00:00:19]} 7. h3 {[%clk 01:02:55]} {[%emt
00:00:27]} c6 {[%clk 01:02:24]} {[%emt 00:00:04]} 8. Ne1 {[%clk 01:01:34]}
{[%emt 00:01:54]} d5 {[%clk 00:59:14]} {[%emt 00:03:35]} 9. Nc3 {[%clk
01:01:13]} {[%emt 00:00:53]} Nb6 {[%clk 00:58:19]} {[%emt 00:01:22]} 10. Nf3
{[%clk 00:59:00]} {[%emt 00:02:44]} dxe4 {[%clk 00:57:10]} {[%emt 00:01:38]} 11.
dxe4 {[%clk 00:59:10]} {[%emt 00:00:49]} Qc7 {[%clk 00:57:12]} {[%emt
00:00:04]} 12. Qe2 {[%clk 00:58:57]} {[%emt 00:00:38]} Be6 {[%clk 00:57:18]}
{[%emt 00:00:55]} 13. b3 {[%clk 00:58:50]} {[%emt 00:00:22]} h6 {[%clk
00:54:57]} {[%emt 00:02:38]} 14. Bb2 {[%clk 00:58:59]} {[%emt 00:00:18]} Nbd7
{[%clk 00:55:22]} {[%emt 00:00:32]} 15. a3 {[%clk 00:58:31]} {[%emt 00:00:32]}
b5 {[%clk 00:55:30]} {[%emt 00:00:41]} 16. Rfe1 {[%clk 00:58:01]} {[%emt
00:00:41]} Rfd8 {[%clk 00:54:09]} {[%emt 00:01:53]} 17. a4 {[%clk 00:57:32]}
{[%emt 00:00:57]} a6 {[%clk 00:54:29]} {[%emt 00:00:38]} 18. Nb1 {[%clk
00:53:16]} {[%emt 00:04:17]} Nh7 {[%clk 00:53:12]} {[%emt 00:01:53]} 19. Nbd2
{[%clk 00:49:51]} {[%emt 00:03:58]} Ng5 {[%clk 00:53:09]} {[%emt 00:00:25]} 20.
Kh2 {[%clk 00:48:11]} {[%emt 00:02:18]} Nxf3+ {[%clk 00:50:54]} {[%emt
00:02:39]} 21. Nxf3 {[%clk 00:46:57]} {[%emt 00:02:06]} Bf6 {[%clk 00:46:28]}
{[%emt 00:04:31]} 22. h4 {[%clk 00:43:02]} {[%emt 00:04:26]} Bg4 {[%clk
00:44:39]} {[%emt 00:02:18]} 23. Bh3 {[%clk 00:41:53]} {[%emt 00:01:40]} Bxh3
{[%clk 00:44:52]} {[%emt 00:00:25]} 24. Kxh3 {[%clk 00:42:19]} Nc5 {[%clk
00:45:11]} {[%emt 00:00:09]} 25. Ba3 {[%clk 00:41:17]} {[%emt 00:01:39]} Ne6
{[%clk 00:44:47]} {[%emt 00:00:44]} 26. Bb2 {[%clk 00:40:57]} {[%emt 00:00:51]}
Nc5 {[%clk 00:40:44]} {[%emt 00:04:32]} 27. Ba3 {[%clk 00:41:17]} {[%emt
00:00:41]} Ne6 {[%clk 00:31:50]} {[%emt 00:08:52]} 28. Bb2 {[%clk 00:41:44]}
{[%emt 00:00:56]} Nc5 {[%clk 00:25:08]} {[%emt 00:06:21]} 29. Ba3 {[%clk
00:41:31]} {[%emt 00:00:43]} 1/2-1/2

[ePGN "0.1;DGT LiveChess/2.2.7"]

[Event "Williamson Sheild 2026"]
[Site "Maynard Sinclaire Pavilion, Stormont, Belfast, United Kingdom"]
[Date "2026.01.25"]
[Round "5.3"]
[White "Khanzharov, Edward"]
[Black "Campbell, Andrew"]
[Result "0-1"]
[TimeControl "60' + 30\""]
[WhiteFideId "2511975"]
[BlackFideId "2518392"]
[WhiteElo "1817"]
[BlackElo "1904"]

1. e4 {[%clk 01:00:33]} {[%emt 00:00:08]} c5 {[%clk 00:59:36]} {[%emt
00:01:00]} 2. Nc3 {[%clk 01:00:30]} {[%emt 00:00:35]} Nc6 {[%clk 00:59:51]}
{[%emt 00:00:16]} 3. f4 {[%clk 01:00:44]} {[%emt 00:00:48]} g6 {[%clk
01:00:16]} 4. Nf3 {[%clk 01:00:58]} {[%emt 00:00:04]} Bg7 {[%clk 01:00:39]} 5.
Bb5 {[%clk 01:01:13]} {[%emt 00:00:05]} Nd4 {[%clk 01:00:23]} {[%emt 00:00:48]}
6. O-O {[%clk 01:01:00]} {[%emt 00:00:43]} a6 {[%clk 01:00:50]} 7. Bc4 {[%clk
00:59:55]} {[%emt 00:01:35]} b5 {[%clk 01:01:07]} {[%emt 00:00:44]} 8. Bd5
{[%clk 01:00:19]} {[%emt 00:00:05]} Rb8 {[%clk 01:01:32]} 9. e5 {[%clk
01:00:10]} {[%emt 00:00:39]} e6 {[%clk 01:00:23]} {[%emt 00:01:17]} 10. Be4
{[%clk 01:00:18]} {[%emt 00:00:22]} d5 {[%clk 00:59:49]} {[%emt 00:01:02]} 11.
exd6 {[%clk 00:59:35]} {[%emt 00:01:12]} Qxd6 {[%clk 01:00:15]} {[%emt
00:00:14]} 12. Nxd4 {[%clk 00:56:07]} {[%emt 00:04:34]} cxd4 {[%clk 00:57:49]}
{[%emt 00:02:10]} 13. Ne2 {[%clk 00:55:47]} {[%emt 00:01:17]} Nf6 {[%clk
00:58:05]} {[%emt 00:00:18]} 14. d3 {[%clk 00:55:37]} {[%emt 00:00:12]} Qc5
{[%clk 00:56:07]} {[%emt 00:02:26]} 15. Kh1 {[%clk 00:43:10]} {[%emt 00:12:57]}
O-O {[%clk 00:56:16]} {[%emt 00:01:21]} 16. c3 {[%clk 00:40:52]} {[%emt
00:01:50]} dxc3 {[%clk 00:53:18]} {[%emt 00:03:26]} 17. Nxc3 {[%clk 00:40:12]}
{[%emt 00:01:09]} Bb7 {[%clk 00:51:46]} {[%emt 00:02:03]} 18. Qe1 {[%clk
00:31:30]} {[%emt 00:09:37]} b4 {[%clk 00:45:15]} {[%emt 00:06:35]} 19. Bxb7
{[%clk 00:30:11]} {[%emt 00:01:53]} bxc3 {[%clk 00:45:01]} {[%emt 00:00:39]} 20.
Be3 {[%clk 00:27:49]} {[%emt 00:02:53]} Qb5 {[%clk 00:42:07]} {[%emt 00:03:24]}
21. Bf3 {[%clk 00:27:16]} {[%emt 00:01:02]} cxb2 {[%clk 00:42:12]} {[%emt
00:00:39]} 22. Rb1 {[%clk 00:27:30]} {[%emt 00:00:06]} Qxd3 {[%clk 00:40:17]}
{[%emt 00:02:47]} 23. Rf2 {[%clk 00:24:49]} {[%emt 00:02:46]} Ne4 {[%clk
00:39:17]} {[%emt 00:01:30]} 24. Bxe4 {[%clk 00:24:51]} {[%emt 00:00:53]} Qxe4
{[%clk 00:39:40]} 25. Re2 {[%clk 00:24:19]} {[%emt 00:00:44]} Qa4 {[%clk
00:38:09]} {[%emt 00:02:01]} 26. Qf2 {[%clk 00:20:48]} {[%emt 00:04:47]} Qxa2
{[%clk 00:38:09]} {[%emt 00:00:12]} 27. Ree1 {[%clk 00:21:14]} Qc4 {[%clk
00:34:28]} {[%emt 00:03:47]} 28. h4 {[%clk 00:18:57]} {[%emt 00:02:46]} h5
{[%clk 00:34:20]} {[%emt 00:00:43]} 29. Red1 {[%clk 00:18:03]} {[%emt
00:01:19]} Rfd8 {[%clk 00:33:38]} {[%emt 00:01:13]} 0-1

[ePGN "0.1;DGT LiveChess/2.2.7"]

[Event "Williamson Sheild 2026"]
[Site "Maynard Sinclaire Pavilion, Stormont, Belfast, United Kingdom"]
[Date "2026.01.25"]
[Round "5.4"]
[White "Wong, James"]
[Black "Edens, Jack"]
[Result "0-1"]
[TimeControl "60' + 30\""]
[WhiteFideId "2514524"]
[BlackFideId "2521822"]
[WhiteElo "1716"]
[BlackElo "1825"]

1. e4 {[%clk 01:00:09]} {[%emt 00:01:03]} c6 {[%clk 01:00:53]} 2. Ne2 {[%clk
01:00:33]} {[%emt 00:00:09]} d5 {[%clk 01:01:08]} {[%emt 00:00:08]} 3. e5
{[%clk 01:00:56]} {[%emt 00:00:36]} Bf5 {[%clk 01:01:10]} {[%emt 00:00:09]} 4.
Ng3 {[%clk 01:01:17]} {[%emt 00:00:04]} Bg6 {[%clk 01:01:03]} {[%emt 00:01:06]}
5. h4 {[%clk 01:01:41]} Qc8 {[%clk 00:54:42]} {[%emt 00:06:41]} 6. d4 {[%clk
00:58:48]} {[%emt 00:03:15]} h6 {[%clk 00:54:48]} {[%emt 00:00:40]} 7. h5
{[%clk 00:58:10]} {[%emt 00:01:08]} Bh7 {[%clk 00:55:01]} {[%emt 00:00:25]} 8.
Nd2 {[%clk 00:58:23]} e6 {[%clk 00:55:03]} {[%emt 00:00:20]} 9. Nf3 {[%clk
00:58:36]} {[%emt 00:00:09]} c5 {[%clk 00:54:35]} {[%emt 00:00:56]} 10. c3
{[%clk 00:56:33]} {[%emt 00:02:34]} Nc6 {[%clk 00:54:37]} {[%emt 00:00:27]} 11.
Bd3 {[%clk 00:54:56]} {[%emt 00:02:07]} Bxd3 {[%clk 00:54:32]} {[%emt
00:00:50]} 12. Qxd3 {[%clk 00:55:17]} {[%emt 00:00:16]} cxd4 {[%clk 00:52:39]}
{[%emt 00:02:00]} 13. cxd4 {[%clk 00:55:31]} {[%emt 00:00:44]} Nb4 {[%clk
00:52:13]} {[%emt 00:00:28]} 14. Qb5+ {[%clk 00:54:18]} {[%emt 00:01:46]} Qc6
{[%clk 00:52:15]} {[%emt 00:00:28]} 15. Qxc6+ {[%clk 00:54:10]} {[%emt
00:00:36]} Nxc6 {[%clk 00:52:31]} {[%emt 00:00:29]} 16. O-O {[%clk 00:54:09]}
{[%emt 00:00:21]} Bb4 {[%clk 00:52:16]} {[%emt 00:00:45]} 17. a3 {[%clk
00:52:07]} {[%emt 00:02:27]} Ba5 {[%clk 00:52:29]} {[%emt 00:00:17]} 18. Be3
{[%clk 00:50:50]} {[%emt 00:01:48]} Nge7 {[%clk 00:52:16]} {[%emt 00:00:43]} 19.
Rac1 {[%clk 00:50:06]} {[%emt 00:01:13]} O-O {[%clk 00:52:30]} {[%emt
00:00:39]} 20. Rc2 {[%clk 00:49:04]} {[%emt 00:01:10]} Rac8 {[%clk 00:52:06]}
{[%emt 00:00:53]} 21. Rfc1 {[%clk 00:45:23]} {[%emt 00:04:12]} Nb8 {[%clk
00:51:25]} {[%emt 00:01:11]} 22. b4 {[%clk 00:38:08]} {[%emt 00:07:48]} Bb6
{[%clk 00:51:32]} {[%emt 00:00:20]} 23. Ne2 {[%clk 00:35:32]} {[%emt 00:03:07]}
Rxc2 {[%clk 00:51:24]} {[%emt 00:00:47]} 24. Rxc2 {[%clk 00:35:44]} {[%emt
00:00:07]} Rc8 {[%clk 00:51:36]} {[%emt 00:00:19]} 25. Rxc8+ {[%clk 00:35:00]}
{[%emt 00:01:14]} Nxc8 {[%clk 00:51:53]} {[%emt 00:00:12]} 26. g4 {[%clk
00:35:18]} {[%emt 00:00:28]} Bd8 {[%clk 00:50:57]} {[%emt 00:01:13]} 27. g5
{[%clk 00:34:23]} {[%emt 00:01:23]} hxg5 {[%clk 00:51:03]} {[%emt 00:00:50]} 28.
Nxg5 {[%clk 00:33:59]} {[%emt 00:00:28]} Nb6 {[%clk 00:50:47]} {[%emt
00:00:49]} 29. f4 {[%clk 00:31:08]} {[%emt 00:03:19]} Nc4 {[%clk 00:50:32]}
{[%emt 00:00:45]} 30. Bc1 {[%clk 00:30:13]} {[%emt 00:01:27]} Nc6 {[%clk
00:48:16]} {[%emt 00:02:43]} 31. Kg2 {[%clk 00:28:53]} {[%emt 00:01:51]} b5
{[%clk 00:46:26]} {[%emt 00:02:22]} 32. Kg3 {[%clk 00:23:16]} {[%emt 00:06:08]}
a5 {[%clk 00:45:57]} {[%emt 00:00:59]} 33. bxa5 {[%clk 00:23:25]} {[%emt
00:00:19]} N6xa5 {[%clk 00:45:53]} {[%emt 00:00:33]} 34. Nf3 {[%clk 00:17:49]}
{[%emt 00:06:08]} Nb3 {[%clk 00:45:54]} {[%emt 00:01:00]} 35. Ne1 {[%clk
00:14:46]} {[%emt 00:03:00]} Nxc1 {[%clk 00:44:29]} {[%emt 00:02:21]} 36. Nxc1
{[%clk 00:14:59]} {[%emt 00:00:08]} Nxa3 {[%clk 00:44:48]} {[%emt 00:00:05]} 37.
Ned3 {[%clk 00:13:59]} {[%emt 00:01:43]} Nc2 {[%clk 00:43:54]} {[%emt
00:01:00]} 38. Nb3 {[%clk 00:13:48]} {[%emt 00:00:45]} Bb6 {[%clk 00:42:22]}
{[%emt 00:01:58]} 39. Ndc5 {[%clk 00:12:11]} {[%emt 00:02:34]} Nxd4 {[%clk
00:41:31]} {[%emt 00:00:54]} 40. Nxd4 {[%clk 00:12:22]} {[%emt 00:00:43]} Bxc5
{[%clk 00:41:49]} 41. Nxb5 {[%clk 00:12:42]} {[%emt 00:00:05]} Kf8 {[%clk
00:39:48]} {[%emt 00:02:28]} 42. Kg4 {[%clk 00:11:08]} {[%emt 00:02:01]} f6
{[%clk 00:35:56]} {[%emt 00:04:21]} 43. exf6 {[%clk 00:09:27]} {[%emt
00:02:14]} gxf6 {[%clk 00:36:18]} {[%emt 00:00:08]} 44. Nc7 {[%clk 00:09:03]}
{[%emt 00:00:51]} f5+ {[%clk 00:25:08]} {[%emt 00:11:46]} 45. Kg5 {[%clk
00:07:47]} {[%emt 00:01:41]} Kf7 {[%clk 00:24:24]} {[%emt 00:01:16]} 46. h6
{[%clk 00:05:55]} {[%emt 00:02:51]} Be7+ {[%clk 00:24:11]} {[%emt 00:00:11]} 47.
Kh5 {[%clk 00:06:02]} {[%emt 00:00:38]} Bf6 {[%clk 00:23:41]} {[%emt 00:00:46]}
48. Nb5 {[%clk 00:03:20]} {[%emt 00:03:12]} Ke7 {[%clk 00:16:47]} {[%emt
00:07:25]} 49. Kg6 {[%clk 00:03:01]} {[%emt 00:01:11]} Bb2 {[%clk 00:16:11]}
{[%emt 00:00:40]} 50. h7 {[%clk 00:03:16]} {[%emt 00:00:28]} Bh8 {[%clk
00:16:13]} {[%emt 00:00:16]} 51. Na3 {[%clk 00:02:55]} {[%emt 00:00:52]} d4
{[%clk 00:15:44]} {[%emt 00:01:20]} 52. Nc4 {[%clk 00:01:53]} {[%emt 00:01:14]}
d3 {[%clk 00:15:15]} {[%emt 00:00:57]} 53. Ne3 {[%clk 00:02:01]} {[%emt
00:00:20]} d2 {[%clk 00:15:21]} {[%emt 00:00:24]} 54. Nd1 {[%clk 00:02:02]}
{[%emt 00:00:49]} Kd6 {[%clk 00:15:41]} 55. Ne3 {[%clk 00:01:56]} {[%emt
00:00:27]} Kc5 {[%clk 00:15:33]} {[%emt 00:00:37]} 56. Kf7 {[%clk 00:01:46]}
{[%emt 00:00:40]} Kd4 {[%clk 00:15:18]} {[%emt 00:00:45]} 57. Nd1 {[%clk
00:02:00]} {[%emt 00:00:17]} Kd3 {[%clk 00:15:10]} {[%emt 00:00:55]} 58. Kxe6
{[%clk 00:02:09]} {[%emt 00:00:06]} Ke2 {[%clk 00:15:27]} {[%emt 00:00:15]} 59.
Nc3+ {[%clk 00:01:37]} {[%emt 00:01:31]} Bxc3 {[%clk 00:15:45]} {[%emt
00:00:05]} 60. Kxf5 {[%clk 00:02:02]} d1=Q {[%clk 00:16:01]} {[%emt 00:00:05]}
0-1

[ePGN "0.1;DGT LiveChess/2.2.7"]